Iniciativa para las Américas : (Registro nro. 15413)

Detalles MARC
000 -LEADER
fixed length control field 01012nam a22002417a 4500
003 - CONTROL NUMBER IDENTIFIER
control field OSt
005 - DATE AND TIME OF LATEST TRANSACTION
control field 20210317132557.0
008 - FIXED-LENGTH DATA ELEMENTS--GENERAL INFORMATION
fixed length control field 210317s2002 ck ao||gr|||| 00| 0 spa d
040 ## - CATALOGING SOURCE
Original cataloging agency CO-JMCR
Transcribing agency CO-JMCR
041 0# - LANGUAGE CODE
Language code of text/sound track or separate title spa
082 04 - DEWEY DECIMAL CLASSIFICATION NUMBER
Classification number 333.72 /
Item number M516i
Edition number 23
100 1# - MAIN ENTRY--PERSONAL NAME
Personal name Gómez Mejía, Alberto.,
Relator term autor
9 (RLIN) 5421
245 10 - TITLE STATEMENT
Title Iniciativa para las Américas :
Remainder of title Colombia /
Statement of responsibility, etc. Alberto Gómez Mejía ; fotografías, Germán Montes, Santiago Montes, Diego Samper
260 ## - PUBLICATION, DISTRIBUTION, ETC.
Place of publication, distribution, etc. Bogotá :
Name of publisher, distributor, etc. Fondo para la Acción Ambiental,
Date of publication, distribution, etc. 2002
300 ## - PHYSICAL DESCRIPTION
Extent 207 páginas :
Other physical details ilustraciones, mapas, gráficas, fotografías a color ;
Dimensions 29 cm.
650 14 - SUBJECT ADDED ENTRY--TOPICAL TERM
Topical term or geographic name entry element Protección de los recursos naturales
General subdivision Guías
Geographic subdivision Colombia
9 (RLIN) 36233
650 24 - SUBJECT ADDED ENTRY--TOPICAL TERM
Topical term or geographic name entry element Educación ambiental
General subdivision Guías
Geographic subdivision Colombia
9 (RLIN) 36234
650 24 - SUBJECT ADDED ENTRY--TOPICAL TERM
Topical term or geographic name entry element Evaluación del impacto ambiental
General subdivision Guías
Geographic subdivision Colombia
9 (RLIN) 36235
700 1# - ADDED ENTRY--PERSONAL NAME
Personal name Germán Montes,
Relator term fotógrafo
9 (RLIN) 36236
700 1# - ADDED ENTRY--PERSONAL NAME
Personal name Santiago Montes,
Relator term fotógrafo
9 (RLIN) 36237
700 1# - ADDED ENTRY--PERSONAL NAME
Personal name Samper, Diego,
Relator term fotógrafo
9 (RLIN) 36238
942 ## - ADDED ENTRY ELEMENTS (KOHA)
Source of classification or shelving scheme Dewey Decimal Classification
Koha item type Books
Existencias
Withdrawn status Lost status Source of classification or shelving scheme Damaged status Not for loan Home library Current library Shelving location Date acquired Source of acquisition Total Checkouts Full call number Barcode Date last seen Copy number Price effective from Koha item type
    Dewey Decimal Classification     Biblioteca Pública José María del Castillo y Rada Biblioteca Pública José María del Castillo y Rada General Stacks   Donación   333.72 / M516i 201810895 05/16/2024 Ej.1   Books